000 00794nam a2200241Ia 4500
003 GCL
008 140319s9999 xx 000 0 ara d
040 _aGCL /
_cGCL
082 0 4 _aق
_b320.120962
_bى ا
100 1 _aيونان لبيب رزق
245 1 0 _aالاصول التاريخية لمسالة طابا: دراسة وثائقية /
_cيونان لبيب رزق
260 _a[S.N] :
_bالهيئة المصرية العامة للكتاب ،
_c1983
300 _a168 ص
490 _aمصر النهضة
_v0
650 0 4 _aالعصر الحديث
650 0 4 _aمصر
650 0 4 _aتاريخ
650 0 4 _aالتحكيم القضائى
650 0 4 _aالمحاكم الدولية
650 0 4 _aالوثائق القانونية
650 0 4 _aطابا
942 _2ddc
_cBK
999 _c36299
_d36299